Statistiques concernant Top 15 des pays avec les décès de Covid-19 - 24 octobre

Cliquez ici pour prendre le quiz!

Statistiques générales

  • Ce quiz a été pris 25 fois
  • Le résultat moyen est 13 sur 20

Statistiques - réponses

pays% Correct
Etats-Unis
100%
France
96%
Espagne
87%
Italie
87%
Russie
87%
Brésil
83%
Belgique
78%
Mexique
78%
Royaume-Uni
78%
Inde
74%
Argentine
65%
Pérou
57%
Chili
52%
Colombie
52%
Iran
52%
Bolivie
43%
Suède
39%
Afrique du Sud
30%
Équateur
30%
Panama
13%

Distribution des résultats

Percentile par nombre de réponses

% des personnes avec chaque résultat

Votre développement - résultats

Vous n’avez pas pris ce quiz